000 00677nam a2200229 a 4500
001 BRCA_6584
005 20190320205519.0
008 011011s2007----mx-a######---#000-0#spa-#
020 _a9700766330
041 _asp
050 4 _bC87 2007
100 1 _aCuriel Monteagudo, José Luis
_916427
245 1 0 _aLa mesa de Hernán Cortés
_cJosé Luis Curiel Monteagudo.
260 _aMéxico
_bPorrúa
_c2007
300 _aix, 144 p.
_bil.
_c22 cm.
500 _aDonación Dra. Elsa Barberena
504 _aBibliografía: 137-142
600 1 4 _aCortés, Hernán
_d1485-1547
_xVida social y costumbres
_916428
650 1 4 _aVida cotidiana
_916429
902 _aDEB
942 _2lcc
_cB
999 _c6268
_d6268